Concionum de tempore, quae post festum sacratissimi corporis christi usque ad dominicam XV. Post pentocosten in ecclesia habentur

Detalles Bibliográficos
Autor principal: Granada, Luis de, orden de Santo Domingo, 1504-1588
Formato: Libro
Lenguaje:Undetermined
Latin
Materias:
Colección:Biblioteca José Lorenzo Cossío y Cosío
Acervo:Biblioteca José Lorenzo Cossío y Cosío
Época:Siglo 18
Descripción Física:tomo 4°
Tipo de acervo:Fondo Antiguo
Tema general:Predicación
Notas:texto a dos columnas ; notas a pie de página ; incluye índice
Propiedad en Custodia:Fundación Alfredo Harp Helú México, bajo la custodia de Apoyo al Desarrollo de Archivos y Bibliotecas de México
Nota de Acción:Limpieza de cantos y tapas, monitoreo de estado de conservación, en proyecto Conservación preventiva de la Biblioteca José Lorenzo Cossío y Cosío, del 3 de agosto al 30 de octubre de 2020, por el Centro de Conservación Restauración y Encuadernación de Adabi de México
Ilutración:ex libris en estampa: Lic. José L. Cossío ; letras capitulares en grabado xilográfico ; viñetas intercaladas en el texto en grabado xilográfico
Ilutración dos:portada tipográfica con pleca y grabado xilográfico de la orden religiosa de los dominicos ; cabecera de título en grabado xilográfico
Código de catalogador:CBC
LEADER 01799nam a2200277Ia 4500
008 221115s9999 xx 000 0 und d
040 |a Adabi  |b spa  |e rda 
041 |a lat 
090 |a tomo 5 (13346) 
100 |a Granada, Luis de,  |c orden de Santo Domingo,  |d 1504-1588 
245 0 |a Concionum de tempore, quae post festum sacratissimi corporis christi usque ad dominicam XV. Post pentocosten in ecclesia habentur   |c auctore R. P. F. Ludovico Granatensi, Sac. Theol. Prof. monacho Dominicano 
264 |a Valentiae  |b In officina viduae Josephi de Orga  |c 1767 
300 |a tomo  |c 4° 
388 |a Siglo 18 
500 |a texto a dos columnas ; notas a pie de página ; incluye índice 
561 |a Fundación Alfredo Harp Helú México, bajo la custodia de Apoyo al Desarrollo de Archivos y Bibliotecas de México 
563 |a encuadernación en pergamino flexible 
583 |a Limpieza de cantos y tapas, monitoreo de estado de conservación, en proyecto Conservación preventiva de la Biblioteca José Lorenzo Cossío y Cosío, del 3 de agosto al 30 de octubre de 2020, por el Centro de Conservación Restauración y Encuadernación de Adabi de México 
597 |a ex libris en estampa: Lic. José L. Cossío ; letras capitulares en grabado xilográfico ; viñetas intercaladas en el texto en grabado xilográfico 
599 |a portada tipográfica con pleca y grabado xilográfico de la orden religiosa de los dominicos ; cabecera de título en grabado xilográfico 
650 |a Predicación 
852 |a Biblioteca José Lorenzo Cossío y Cosío Adabi de México  |b Fondo Antiguo 
942 |c adabi 
945 |a CBC 
952 |0 0  |1 0  |4 0  |6 13346_000000000000000  |7 0  |9 2461  |a ADABI  |b ADABI  |d 2022-11-22  |i 13346  |o 13346  |p BJLCyC-FA-ADABI13346  |r 2022-11-22  |t 1  |w 2022-11-22  |y ADABI 
999 |c 1135310  |d 1135310